| 000 | 00980nam a22002057a 4500 | ||
|---|---|---|---|
| 003 | OSt | ||
| 005 | 20160620110107.0 | ||
| 008 | 150409b2011 slv spa | ||
| 040 | _cBMC | ||
| 082 | _a004.21 | ||
| 100 | 1 |
_934664 _aArtero Girón, Xiomara Lizeth |
|
| 245 | 1 | 0 |
_aPasantía de Jefe del Departamento de producción en Portal El Salvador, división del Grupo Cáder, en la ciudad de Santa Ana _b: Informe final _cXiomara Lizeth Artero Girón |
| 260 |
_aSanta Ana (El Salvador) _bUniversidad Católica de El Salvador _c2011 |
||
| 300 |
_a1 v. (pág. var.) _bil. col _c28 cm _e+ 1 disco compacto |
||
| 500 | _aPrecede al tít.: Universidad Católica de El Salvador, Facultad de Ciencias Empresariales | ||
| 502 | _aPara optar al título de Licenciado en Sistemas Informáticos Administrativos | ||
| 650 | 2 | 4 |
_91736 _aAdministración de sistemas de información |
| 710 | 2 |
_91067 _aUniversidad Católica de El Salvador _bFacultad de Ciencias Empresariales |
|
| 942 |
_2ddc _cTG |
||
| 999 |
_c21170 _d21170 |
||